Mecánica de los fluidos e hidráulica teoría y problemas

Bibliographic Details
Main Author: Giles, Ronald V
Format: Section = Libro
Language:Undetermined
Spanish
Published: México McGraw-Hill 1982
Edition:2a.ed.
Subjects:
LEADER 00681nam a2200229Ia 4500
008 241007s9999||||xx |||||||||||||| ||und||
020 |a 968-451-078-0 
040 |a BIBLIOTECA-RURC/ 620.106 G472 
041 |a spa 
082 |a 620.106 G472 
100 1 |a Giles, Ronald V 
245 1 0 |a Mecánica de los fluidos e hidráulica teoría y problemas 
250 |a 2a.ed. 
260 |a México  |b McGraw-Hill  |c 1982 
300 |a 273 p. :il. 
650 7 |a MECANICA DE FLUIDOS APLICADA 
650 7 |b  FUERZAS HIDROSTATICA SOBRE LAS SUPERFICIES 
650 7 |c  EMPUJE Y FLOTACIÓN 
650 7 |d  TRASLACIÓN Y ROTACIÓN DE MASAS LIQUIDAS 
942 |c BK  |2 ddc 
991 |a TEXTO 
999 |c 14438